LDR 01091nam a2200241 4500 001 000000355816 003 CaOOAMICUS 005 20231107095250.0 008 231018s2015 it a 000 u ita r 020 $a978-88-6821-670-2 040 $aSeMil$bita 100 1 $aSchulz, Charles M. <1922-2000>.$0(OLS)http://semarc/name/19101 245 13$aLa filosofia di Charlie Brown :$bperché non posso avere un cane normale come tutti gli altri? /$cChrles M. Schulz. 264 1$aMilano :$bSalani,$c2015. 300 $a364 p. :$bill. ;$c22 cm 650 4$aPeanuts
.$0(OLS)http://semarc/subject/54675 850 $aSeMil 852 $aSeMil$W1$xVenegono$y1$m1Q IV 2$j244270$B247029$CSeMilBibl$Z2$F247029 $81 961 $a Conti don Gildo - Omaggio - Con dedica 996 $6020$a978-88-6821-670-2$9(OLS)http://semarc/number/299135 996 $6245$aLa filosofia di Charlie Brown :$bperché non posso avere un cane normale come tutti gli altri?$9(OLS)http://semarc/title/446032 996 $6264$aMilano :$bSalani$9(OLS)http://semarc/publisher/38155